|
|
|
|
| LEADER |
02413nam a2200505 i 4500 |
| 001 |
nkc20203243170 |
| 003 |
CZ PrNK |
| 005 |
20200918133526.0 |
| 007 |
ta |
| 008 |
200820s2020 xr g 000 jdcze |
| 015 |
|
|
|a cnb003243170
|
| 020 |
|
|
|a 978-80-7252-855-4
|q (brožováno)
|
| 035 |
|
|
|a (OCoLC)1200258593
|
| 040 |
|
|
|a ABG001
|b cze
|d ABA001
|e rda
|
| 041 |
1 |
|
|a cze
|h eng
|
| 072 |
|
7 |
|a 821.111(73)-3
|x Americká próza
|2 Konspekt
|9 25
|
| 080 |
|
|
|a 821.111(73)-32
|2 MRF
|
| 080 |
|
|
|a 636.7
|2 MRF
|
| 080 |
|
|
|a 179.3
|2 MRF
|
| 080 |
|
|
|a (0:82-32)
|2 MRF
|
| 100 |
1 |
|
|a Newmark, Amy
|7 xx0127662
|4 aut
|
| 240 |
1 |
0 |
|a Chicken soup for the soul.
|l Česky
|
| 245 |
1 |
0 |
|a Slepičí polévka pro duši :
|b co ten pes zase provedl? : 101 báječných příběhů o kouzelných chvílích, zázracích a... pěkném svinčíku /
|c Amy Newmarková ; předmluva: Miranda Lambertová ; z anglického originálu přeložila Jana Srbová
|
| 246 |
3 |
0 |
|a Co ten pes zase provedl?
|
| 250 |
|
|
|a Vydání první
|
| 264 |
|
1 |
|a Praha :
|b Práh,
|c 2020
|
| 300 |
|
|
|a 439 stran ;
|c 21 cm
|
| 336 |
|
|
|a text
|b txt
|2 rdacontent
|
| 337 |
|
|
|a bez média
|b n
|2 rdamedia
|
| 338 |
|
|
|a svazek
|b nc
|2 rdacarrier
|
| 520 |
2 |
|
|a Výběr příběhů, v nichž hlavními hrdiny jsou psi. I když je soužití s nimi někdy k zešílení, jsou nevyčerpatelným zdrojem smíchu a lásky.
|b V této zábavné kolekci příběhů o našich psích společnících najdete kapitoly o psech, kteří zachraňují životy, i o těch, kteří pomohli lidem v uzdravení, o takřka nadpřirozené psí intuici i o psích hlupáčcích a také o velmi, velmi zlobivých psiskách. Zvláštní důraz je zde kladen na výhody a radost, které může přinést adoptování opuštěných psů, a také na psí záchranáře. Nakladatelská anotace. Kráceno.
|
| 650 |
0 |
7 |
|a psi
|7 ph115940
|2 czenas
|
| 650 |
0 |
7 |
|a člověk a zvíře
|7 ph128185
|2 czenas
|
| 650 |
0 |
9 |
|a dogs
|2 eczenas
|
| 650 |
0 |
9 |
|a human-animal relationships
|2 eczenas
|
| 655 |
|
7 |
|a americké příběhy
|7 fd131795
|2 czenas
|
| 655 |
|
9 |
|a American stories
|2 eczenas
|
| 700 |
1 |
|
|a Lambert, Miranda,
|d 1983-
|7 xx0071108
|4 wfw
|
| 700 |
1 |
|
|a Srbová, Jana
|7 xx0071750
|4 trl
|
| 910 |
2 |
|
|a BOA001
|b 2-1451.338
|
| 920 |
|
|
|a 4552142
|z ABG001
|
| 990 |
|
|
|a BK
|
| 995 |
|
|
|a 01
|
| 991 |
|
|
|b 202009
|c NOV
|
| 996 |
6 |
|
|b 2610836668
|c 2-1451.338
|l MZK
|r Sklad / do 1 hodiny
|n 0
|p p.v.
|w 001822694
|u 000010
|a 1
|e BOA001
|j MZK50
|s P
|